Análisis del impacto vial del proyecto "Corredor de transporte público masivo en la red vial San José-Escazú-Santa Ana"
Guardado en:
| Hovedforfatter: | |
|---|---|
| Format: | Bog |
| Udgivet: |
[San José, Costa Rica]
2006
|
| Fag: | |
| Tags: |
Tilføj Tag
Ingen Tags, Vær først til at tagge denne postø!
|
MARC
| LEADER | 00000nam a2200000Ia 4500 | ||
|---|---|---|---|
| 003 | 009600 | ||
| 005 | 20221231144127.0 | ||
| 008 | 140114s2006 cr a m 000 ||s d | ||
| 040 | |c cru CEDI | ||
| 090 | |a TFG 5141 | ||
| 100 | |a Aguilar Muñoz, Sebastián |9 5858 | ||
| 245 | |a Análisis del impacto vial del proyecto "Corredor de transporte público masivo en la red vial San José-Escazú-Santa Ana" | ||
| 260 | |c 2006 |a [San José, Costa Rica] | ||
| 300 | |a 205 hojas : ilustraciones a color, mapas color, planos color plegables, | ||
| 500 | |a Proyecto de graduación (licenciatura en ingeniería civil)--Universidad de Costa Rica. Escuela de Ingeniería Civil | ||
| 650 | |x REGLAMENTOS DEL TRANSITO |x CARRETERA SAN JOSE-ESCAZU-SANTA ANA |x TRANSPORTE PUBLICO |x INGENIERÍA DEL TRANSPORTE |x kSEGURIDAD VIAL |9 5859 | ||
| 942 | |c TFG | ||
| 999 | |c 17282 |d 17282 | ||
